000 00509nam a2200181 a 4500
001 1769763991027
003 YourLibrary
005 20260131161944.0
008 260130s2007##################000#0#eng##
020 _a9780073286990
082 0 4 _a332
_bBRE
100 1 _aBrealey, Richard,
_eauthor.
245 1 0 _aSolutions Manual to accompany Principles of Corporate Finance :
260 _bMcGraw-Hill/Irwin,
_c2007.
650 0 _aCorporations.
942 _cENGLISH
040 _aYourLibrary
_beng
_cYourLibrary
999 _c609524
_d609524